000 00586nam a2200193 a 4500
005 20240924070402.0
008 991125m19711976es 000 0 spa u
020 _a8424911814
035 _aUPN01000035454
049 _aCG
050 4 _aP121
_bR6.48
100 1 _aRobins, Robert Henry
245 1 0 _aLingüística general :
_bestudio introductorio /
_cR. H. Robins ; tr. de Pilar Gómez Bedate.
260 _aMadrid :
_bGredos,
_c1971 (1976 impr.).
300 _a488 p.
440 0 _aBiblioteca románica hispánica.
_pManuales ;
_v28
650 4 _aFilología
_915443
905 _aLibro
999 _c35454
_d35454